| 000 | 01450pam a2200313 a 4500 | ||
|---|---|---|---|
| 001 | 2543909 | ||
| 005 | 20060719212211.0 | ||
| 008 | 941213s1995 nyua b 001 0 eng | ||
| 010 | _a 94044741 | ||
| 020 | _a0471053856 | ||
| 040 |
_aDLC _cDLC _dDLC |
||
| 050 | 0 | 0 |
_aTA690 _b.K55 1995 |
| 082 | 0 | 0 |
_a624.1826 _220 _bKIS |
| 100 | 1 |
_aKissell, J. Randolph, _d1954- _94994 |
|
| 245 | 1 | 0 |
_aAluminum structures : _ba guide to their specifications and design / _cJ. Randolph Kissell, Robert L. Ferry. |
| 260 |
_aNew York : _bWiley, _cc1995. |
||
| 300 |
_axiv, 417 p. ; _bill. ; _c25 cm. |
||
| 504 | _aIncludes bibliographical references (p. 351-354) and index. | ||
| 650 | 0 |
_aAluminum construction. _94995 |
|
| 650 | 0 |
_aAluminum construction _xSpecifications. _94996 |
|
| 650 | 0 |
_aStructural design. _94997 |
|
| 700 | 1 |
_aFerry, Robert L. _94998 |
|
| 856 | 4 |
_3Table of Contents only _uhttp://www.loc.gov/catdir/toc/onix02/94044741.html |
|
| 856 | 4 | 2 |
_3Contributor biographical information _uhttp://www.loc.gov/catdir/enhancements/fy0607/94044741-b.html |
| 856 | 4 | 2 |
_3Publisher description _uhttp://www.loc.gov/catdir/enhancements/fy0607/94044741-d.html |
| 942 |
_2ddc _cBB |
||
| 999 |
_c11589 _d11589 |
||